Rollercoastery w Energylandii od najwolniejszego do najszybszego z YB - Statystyki

Ogólne statystyki
  • Ten quiz został rozwiązany 35 razy
  • Średni wynik to 7 z 18
Statystyki odpowiedzi
Szybkość Odpowiedź % Poprawnych
142 km/h Hyperion
90%
121 km/h Zadra
81%
100km/h Formuła
52%
80km/h Mayan
52%
100km/h Abyssus
42%
45km/h Energuś
42%
110km/h Speed Water Coaster
42%
18km/h Mars
39%
12 km/h Circus Coaster
32%
45km/h Frida
32%
35km/h Draken
29%
75km/h RMF Dragon
29%
20km/h Frutti Loop
26%
21km/h Happy Loops
23%
41km/h Boomerang
16%
43km/h Viking
16%
60km/h Ekipa Light Explorers
13%
51km/h Tidal Wave Twister
10%
Nie znaleziono quizów pasujących do podanych kryteriów
Rozkład punktacji
Procent ludzi z każdym wynikiem
Percentyl według liczby udzielonych odpowiedzi
Twoja historia wyników
Nie rozwiązałeś tego quizu